000 01521cam a2200157 4500500
005 20260111065959.0
041 _afre
042 _adc
100 1 0 _aFougère, Marie-Ange
_eauthor
245 0 0 _aAnd the lavatories? Water closets in the school environment in the 19th century
260 _c2025.
500 _a50
520 _aCommunity toilets are rarely studied by historians, sociologists or literary scholars: because defecation is abject, taboo and unspeakable, these places must also be hidden, kept away and hushed up. And the imperative of silence was particularly prevalent in the 19th century, a century of propriety if ever there was one. However, a new principle was coming to challenge the existing rules: hygiene, making it particularly urgent to consider latrines in schools. First of all, this consideration required an institutional framework: latrines were the subject of growing attention from legislators and architects anxious to make the most of the instructions issued by hygienists. But there is another moral issue at stake here, as there is a great deal of mistrust of a space that is by definition secluded and therefore conducive to the most morally reprehensible acts. Finally, we might ask what happened to school latrines in nineteenth-century literature, and what kind of reservations there were about them.
786 0 _nRomantisme | 206 | 4 | 2025-01-03 | p. 56-65 | 0048-8593
856 4 1 _uhttps://shs.cairn.info/journal-romantisme-2024-4-page-56?lang=en&redirect-ssocas=7080
999 _c1614745
_d1614745